Chhota Bheem - Statistics

General Stats
  • This quiz has been taken 68 times
  • The average score is 12 of 24
Answer Stats
Characteristics Answer % Correct
Strongest Boy of Dholakpur Chhota Bheem / Bheem
100%
Smartest Girl of Dholakpur Chutki
98%
A talking monkey Jaggu
94%
Fattest Boy of Dholakpur Kalia
94%
Best Archer with two hair on head Raju
94%
Twin Sidekicks of Kalia Dholu and Bholu
92%
Princess of Dholakpur Indumati
84%
Mother of Chutki and a laddoo shop owner which is the main source of bheem's power Tun Tun Mausi
73%
A god who is friend of bheem Krishna
69%
Main villian of Bheem Kirmada
59%
King of Dholakpur Indraverma
53%
A boy from Pehelwanpur who is jelous of Bheem Kichak
53%
Most Dangerous Bandit of Dholakpur Daku Mangal Singh
51%
Prince of Bali and friend of Bheem Arjun
37%
Sister of Chhota Bheem Shivani
37%
Most clever boy of Pehelwanpur Mannu
27%
Omniscient Saint of Dholakpur Dhooni Baba
25%
An evil Witch who is a villian of Bheem Buri Jadugarni
24%
Oldest Person of Dholakpur With A magical box Dadaji
16%
Best Inventor of Dholakpur Avi Chacha
14%
Brother of Kirmada Zimbara
12%
A good Witch who helps Bheem to defeat evil witch Achhi Jadugarni
6%
Best Scientist of Dholakpur Dhoomketoo
4%
Sister of Kirmada Mayadri
2%
No matching quizzes found
Score Distribution
Percent of People with Each Score
Percentile by Number Answered
Your Score History
You have not taken this quiz